000 00759nam a2200289Ia 4500
005 20260324121610.0
008 008 260324s9999 xx 000 0 eng d
020 _a9781315631882
037 _aEBOOK
040 _aCRL
040 _beng
040 _cCRL
041 _2eng
041 _aeng
084 _qCRL
100 _aBarry B. Hughes; Devin K. Joshi; Timothy D. Sisk; Jonathan D. Moyer; Jose Roberto Solorzano
_91163132
245 0 _aStrengthening Governance Globally
245 0 _bForecasting the Next 50 Years
260 _bTaylor and Francis
260 _c2014
365 _a
365 _b195
856 _uhttp://www.taylorfrancis.com/books/9781315631882
942 _cEBOOK
999 _c1755356
_d1755356